000 00667cam a22002174a 4500
001 16219805
005 20171222093243.0
008 100506s2012 maua 001 0 eng
010 _a 2010016529
020 _a0321693124
040 _aDLC
_cDLC
_dDLC
041 _aeng
080 _a510 LON
082 0 0 _a510 LON
_222
100 1 _a38
101 _aMAT
245 1 0 _aMathematical reasoning for elementary teachers /
_cCalvin T. Long, Duane W. DeTemple, Richard S. Milman.
906 _a7
_bcbc
_corignew
_d1
_eecip
_f20
_gy-gencatlg
942 _2ddc
_cBK
999 _c39360
_d39360